| 000 | 006140000a22002050004500 | ||
|---|---|---|---|
| 003 | LK-CoMWRAF | ||
| 005 | 20231022152410.0 | ||
| 008 | 230817t ||||| |||| 00| 0 eng d | ||
| 020 | _a817151104X | ||
| 040 |
_aLK-CoMWRAF _dLK-CoMWRAF _eLK-CoMWRAF |
||
| 041 | _aeng | ||
| 082 |
_a340.59 _bKHA |
||
| 100 | _aKhan, | ||
| 245 |
_aIslamic law of inheritance : _bA new approach |
||
| 260 |
_aNew Delhi _bKitab Bhavan _c1989 |
||
| 300 | _ap.218 | ||
| 500 | _aThis contains General observation & principles, Administration of esttate of a deceased muslim,sunni law,shia law.. | ||
| 650 | _aMuslim law | ||
| 942 | _cBK | ||
| 999 |
_c1669 _d1669 |
||